Statistics for Countries With The Most Negative Opinion On France

Click here to take the quiz!

General Stats

  • This quiz has been taken 62 times
  • The average score is 19 of 30

Answer Stats

%Country% Correct
94Algeria
95%
76Morocco
89%
79Egypt
84%
90Tunisia
82%
68Russia
80%
86Mali
79%
77Niger
77%
58China
75%
71Iran
75%
84Libya
75%
83Senegal
73%
66Sudan
73%
80Chad
71%
82Iraq
71%
91Mauritania
70%
83Syria
66%
75Cameroon
63%
75Guinea
61%
80Ivory Coast
59%
62Lebanon
55%
61Turkey
55%
81Burkina Faso
54%
61Vietnam
52%
67Pakistan
46%
55Saudi Arabia
46%
59Belarus
41%
87Haiti
38%
69Eritrea
27%
81Rwanda
25%
59Serbia
18%

Score Distribution

Percentile by Number Answered

Percent of People with Each Score

Your Score History

You have not taken this quiz